| 000 | 00772nam a22001817a 4500 | ||
|---|---|---|---|
| 005 | 2012032709579.0 | ||
| 020 |
_c00.00 _a8174870873 |
||
| 035 | _aB-187268 | ||
| 037 |
_b _adpl |
||
| 082 | _a327.1 | ||
| 100 |
_aसुद, चन्द्रशेखर _944358 |
||
| 245 |
_aअन्तर्राष्ट्रीय राजनीति / _cचन्द्रशेखर सुद |
||
| 260 |
_aनई दिल्ली _bराधा पब्लिकेशन्स _c2005 |
||
| 270 |
_a _b _e _k |
||
| 300 |
_a608पृ. _c22सेमी (सजिल्द) |
||
| 942 |
_adpl _cHN _k _2ddc _h327.1 _mसुदच |
||
| 999 |
_c64424 _d64424 |
||